000 00616nam a22001817a 4500
999 _c21021
_d21021
003 AR-CdUCM
008 190724b ||||| |||| 00| 0 spa d
040 _aMUNICIPALIDAD PROVINCIAL DEL CUSCO
_cBIBLIOTECA MUNICIPAL DEL CUSCO
082 _a050.985 /
_bC15
110 _aIPAE
_943810
245 _aCADE´79 :
_bXVIII conferencia anual de ejecutivos /
260 _aTacna :
_bIPAE,
_c1979.
300 _a191 páginas ;
_c24 cm
505 _aContenido : Primera jornada -- Segunda jornada -- Tercera jornada -- Clausura -- Relación de participantes
650 _aCADE
_943811
942 _2ddc
_cLIBROS
945 _azta